| 000 | 00549cam a22002171 4500 | ||
|---|---|---|---|
| 001 | sa 66006258 | ||
| 003 | DLC | ||
| 005 | 20260227112255.0 | ||
| 008 | 890620s1964 ii 000 0 orio | ||
| 010 | _asa 66006258 | ||
| 035 | _a(OCoLC)19902403 | ||
| 040 |
_aDLC _cWaU _dDLC |
||
| 050 | 0 | 0 |
_aGR305.O7 _bD3 |
| 100 | 1 |
_aDas, Kunjabihari, _d1914- |
|
| 245 | 1 | 0 | _aLokagaḷpa sañcayana. |
| 260 | _c[1964] | ||
| 300 |
_a26, 806 p. _c23 cm. |
||
| 500 | _aIn Oriya. | ||
| 650 | 0 |
_aTales _zIndia _zOrissa. |
|
| 651 | 0 |
_aOriya (Indic people) _xFolklore. |
|
| 999 |
_c70418 _d70418 |
||